00000000nas 2200000zi 4500
0019.949986
003CaOODSP
00520250410152012
006m     o  d f      
007cr cn ||||||||
008250410d19972002oncar p o    f0    0fre|d
040 |aCaOODSP|bfre|erda|cCaOODSP
043 |an-cn---
0861 |aNR1-1F-PDF
1102 |aConseil national de recherches Canada.|eauteur, |eorganisme de publication.
24510|aRapport annuel / |cCNRC = NRC.
2461 |iLes livraisons de 2000/2001-2001/2002 comportent le titre : |aRapport annuel du CNRC
2463 |iRapport annuel du Conseil national de recherches Canada
264 1|a[Ottawa] : |bConseil national de recherches Canada = National Research Council of Canada, |c1997-2002.
310 |aAnnuel
336 |atexte|btxt|2rdacontent/fre
337 |ainformatique|bc|2rdamedia/fre
338 |aressource en ligne|bcr|2rdacarrier/fre
3621 |aParaît depuis : 1996/1997; ne paraît plus après : 2001/2002.
588 |aDescription d'après : 1998/1999; titre de la page couverture du fichier PDF.
588 |aDernière livraison consultée : 2001/2002.
61026|aConseil national de recherches Canada|vPériodiques.
650 6|aRecherche|zCanada|vPériodiques.
650 6|aRecherche industrielle|zCanada|vPériodiques.
655 7|aPériodiques|2rvmgf
77508|tAnnual report / |w(CaOODSP)9.949977
78000|tReport to Parliament / |w(CaOODSP)9.949960
78500|tNational Research Council Canada review : |w(CaOODSP)9.950010